Statistics for 2000s Cartoons by Picture

Click here to take the quiz!

General Stats

  • This quiz has been taken 546 times
  • The average score is 15 of 30

Answer Stats

Answer% Correct
Dora the Explorer
94%
Ben 10
89%
Avatar: The Last Airbender
88%
The Adventures Of Jimmy Neutron, Boy Genius
84%
Clifford the Big Red Dog
82%
Phineas And Ferb
82%
Kim Possible
79%
Teen Titans
78%
The Fairly OddParents
72%
Justice League Unlimited
66%
Danny Phantom
62%
The Boondocks
52%
Chowder
51%
Samurai Jack
48%
Codename: Kids Next Door
45%
The Proud Family
41%
Foster's Home For Imaginary Friends
40%
Invader Zim
40%
Star Wars: Clone Wars
37%
The Grim Adventures of Billy & Mandy
36%
The Marvelous Misadventures Of Flapjack
33%
Totally Spies
32%
Aqua Teen Hunger Force
26%
My Life As a Teenage Robot
26%
Oswald
23%
As Told by Ginger
18%
Duck Dodgers
17%
Harvey Birdman, Attorney At Law
10%
Fillmore!
9%
Megas XLR
5%

Score Distribution

Percentile by Number Answered

Percent of People with Each Score

Your Score History

You have not taken this quiz